Theologická příloha Křesťanské revue

Bibliographic Details
Format: Journal
Language:Czech
Published: Praha Komenského Evangelická bohoslovecká fakulta 195?-[1968]
Praha Kostnická jednota
ISSN:1212-2963
Subjects:

MARC

LEADER 00000cas a2200000 a 4500
001 vtls010169890
003 SK-MaSNL
005 20260228160028.0
008 100920d19uu1968xr mr p 0 0cze d
022 |a 1212-2963 
040 |a SNK  |b slo  |c SNK  |d SVKPO  |e AACR2 
041 0 |a cze 
044 |a xr  |c CZ 
210 0 |a Theol. příl. Křesť. rev. 
222 0 |a Theologická příloha Křesťanské revue 
245 0 0 |a Theologická příloha Křesťanské revue 
260 |a Praha  |b Komenského Evangelická bohoslovecká fakulta  |c 195?-[1968] 
260 3 |3 1954-1968  |a Praha  |b Kostnická jednota 
310 |a 5x ročne 
500 |a Popis podľa : Roč. 19, č. 1 (1952) 
500 |a Podľa ISSN/CR/2010 vychádzal od r. 1953, MT001/2010 hlási aj r. 1952 
650 0 7 |a kresťanstvo  |2 SNKPH  |9 2024 
650 0 7 |a teológia  |2 SNKPH  |9 1814 
772 1 |t Křesťanská revue  |x 0023-4613 
910 |a snk 
999 |c 1208  |d 3138 
952 |0 0  |1 1  |3 rekatalogizácia  |4 0  |7 0  |a SNK  |b SNK  |d 2010-09-20  |i snk563/53  |l 0  |o snkČC 707/19/1952  |p 17A0668940  |r 2026-02-21 20:22:12  |t č. 1, 3 - 4, neúplný  |w 2026-02-21  |y PREZ